<?xml version="1.0" encoding="UTF-8"?>
<record
    xmlns:xsi="http://www.w3.org/2001/XMLSchema-instance"
    xsi:schemaLocation="http://www.loc.gov/MARC21/slim http://www.loc.gov/standards/marcxml/schema/MARC21slim.xsd"
    xmlns="http://www.loc.gov/MARC21/slim">

  <leader>00711nam a22002057a 4500</leader>
  <controlfield tag="005">20130508161253.0</controlfield>
  <datafield tag="010" ind1=" " ind2=" ">
    <subfield code="a">B-496644-648</subfield>
  </datafield>
  <datafield tag="020" ind1=" " ind2=" ">
    <subfield code="a">9781447211068</subfield>
    <subfield code="c">399.00</subfield>
  </datafield>
  <datafield tag="035" ind1=" " ind2=" ">
    <subfield code="a">B-496644-648</subfield>
  </datafield>
  <datafield tag="037" ind1=" " ind2=" ">
    <subfield code="b">UBH/Ven</subfield>
  </datafield>
  <datafield tag="082" ind1=" " ind2=" ">
    <subfield code="a">S</subfield>
  </datafield>
  <datafield tag="100" ind1=" " ind2=" ">
    <subfield code="a">Archer, Jeffrey</subfield>
  </datafield>
  <datafield tag="245" ind1=" " ind2=" ">
    <subfield code="a">The new collected short stories /</subfield>
    <subfield code="c">by Jeffrey Archer</subfield>
  </datafield>
  <datafield tag="260" ind1=" " ind2=" ">
    <subfield code="a">London</subfield>
    <subfield code="b">Pan Books</subfield>
    <subfield code="c">c2011</subfield>
  </datafield>
  <datafield tag="270" ind1=" " ind2=" ">
    <subfield code="a">Pan Mcmillan,20 New Wharf Road</subfield>
    <subfield code="b">London</subfield>
    <subfield code="e">N1 9RR</subfield>
  </datafield>
  <datafield tag="300" ind1=" " ind2=" ">
    <subfield code="a">857P.</subfield>
    <subfield code="b">ill.</subfield>
    <subfield code="c">20cm(pbk).</subfield>
  </datafield>
  <datafield tag="500" ind1=" " ind2=" ">
    <subfield code="a">It include index and To cut a long story short , Cat O' nine tales and Thereby hangs a tale</subfield>
  </datafield>
  <datafield tag="942" ind1=" " ind2=" ">
    <subfield code="2">ddc</subfield>
    <subfield code="c">EN</subfield>
    <subfield code="m">ARC</subfield>
    <subfield code="h">S</subfield>
  </datafield>
  <datafield tag="999" ind1=" " ind2=" ">
    <subfield code="c">74511</subfield>
    <subfield code="d">74511</subfield>
  </datafield>
  <datafield tag="952" ind1=" " ind2=" ">
    <subfield code="0">0</subfield>
    <subfield code="1">0</subfield>
    <subfield code="4">0</subfield>
    <subfield code="7">0</subfield>
    <subfield code="8">FIC</subfield>
    <subfield code="a">L</subfield>
    <subfield code="b">L</subfield>
    <subfield code="d">2013-05-08</subfield>
    <subfield code="e">UBH/274/11.03.2013/180/08.03.2013/15.03.2013</subfield>
    <subfield code="g">399.00</subfield>
    <subfield code="l">4</subfield>
    <subfield code="o">S ARC</subfield>
    <subfield code="p">B-496644</subfield>
    <subfield code="q">2018-09-20</subfield>
    <subfield code="r">2018-09-06 00:00:00</subfield>
    <subfield code="s">2018-09-06</subfield>
    <subfield code="t">1</subfield>
    <subfield code="v">399.00</subfield>
    <subfield code="w">2013-05-08</subfield>
    <subfield code="y">EN</subfield>
  </datafield>
  <datafield tag="952" ind1=" " ind2=" ">
    <subfield code="0">0</subfield>
    <subfield code="1">0</subfield>
    <subfield code="4">0</subfield>
    <subfield code="7">0</subfield>
    <subfield code="8">FIC</subfield>
    <subfield code="a">BL1</subfield>
    <subfield code="b">BL1</subfield>
    <subfield code="d">2013-05-08</subfield>
    <subfield code="e">UBH/274/11.03.2013/180/08.03.2013/15.03.2013</subfield>
    <subfield code="g">399.00</subfield>
    <subfield code="l">0</subfield>
    <subfield code="o">S ARC</subfield>
    <subfield code="p">B-496645</subfield>
    <subfield code="r">2013-05-08 00:00:00</subfield>
    <subfield code="t">1</subfield>
    <subfield code="v">399.00</subfield>
    <subfield code="y">EN</subfield>
  </datafield>
  <datafield tag="952" ind1=" " ind2=" ">
    <subfield code="0">0</subfield>
    <subfield code="1">0</subfield>
    <subfield code="4">0</subfield>
    <subfield code="7">0</subfield>
    <subfield code="8">FIC</subfield>
    <subfield code="a">JP</subfield>
    <subfield code="b">JP</subfield>
    <subfield code="d">2013-05-08</subfield>
    <subfield code="e">UBH/274/11.03.2013/180/08.03.2013/15.03.2013</subfield>
    <subfield code="g">399.00</subfield>
    <subfield code="l">33</subfield>
    <subfield code="m">21</subfield>
    <subfield code="o">S ARC</subfield>
    <subfield code="p">B-496646</subfield>
    <subfield code="r">2023-10-21 00:00:00</subfield>
    <subfield code="s">2023-10-13</subfield>
    <subfield code="t">1</subfield>
    <subfield code="v">399.00</subfield>
    <subfield code="y">EN</subfield>
  </datafield>
  <datafield tag="952" ind1=" " ind2=" ">
    <subfield code="0">0</subfield>
    <subfield code="1">0</subfield>
    <subfield code="4">0</subfield>
    <subfield code="7">0</subfield>
    <subfield code="8">FIC</subfield>
    <subfield code="a">ZLS</subfield>
    <subfield code="b">ZLS</subfield>
    <subfield code="d">2013-05-08</subfield>
    <subfield code="e">UBH/274/11.03.2013/180/08.03.2013/15.03.2013</subfield>
    <subfield code="g">399.00</subfield>
    <subfield code="l">1</subfield>
    <subfield code="o">S ARC</subfield>
    <subfield code="p">B-496647</subfield>
    <subfield code="r">2019-03-17 00:00:00</subfield>
    <subfield code="s">2019-03-09</subfield>
    <subfield code="t">1</subfield>
    <subfield code="v">399.00</subfield>
    <subfield code="y">EN</subfield>
    <subfield code="z">Withdrwan List Prepared List No. 99/24</subfield>
  </datafield>
  <datafield tag="952" ind1=" " ind2=" ">
    <subfield code="0">0</subfield>
    <subfield code="1">0</subfield>
    <subfield code="4">0</subfield>
    <subfield code="7">0</subfield>
    <subfield code="8">FIC</subfield>
    <subfield code="a">VP</subfield>
    <subfield code="b">VP</subfield>
    <subfield code="d">2013-05-08</subfield>
    <subfield code="e">UBH/274/11.03.2013/180/08.03.2013/15.03.2013</subfield>
    <subfield code="g">399.00</subfield>
    <subfield code="l">17</subfield>
    <subfield code="m">4</subfield>
    <subfield code="o">S ARC</subfield>
    <subfield code="p">B-496648</subfield>
    <subfield code="r">2022-12-27 00:00:00</subfield>
    <subfield code="s">2022-11-30</subfield>
    <subfield code="t">1</subfield>
    <subfield code="v">399.00</subfield>
    <subfield code="y">EN</subfield>
  </datafield>
</record>
